000 00522nam a2200145 4500
999 _c16034
_d16034
008 210210b ||||| |||| 00| 0 eng d
022 _a0732-8435
082 _aDPer 657.05 C33 Sept - Dec 2011, v. 81 n. 9 - 12
100 _aRecor, Mary.
_942991
245 _aThe journey of the business use of the home office deduction/
_cMary Recor.
260 _aNew York:
_bThe New York State Society of CPA,
_c©2011.
300 _av81 n9, pages 6+:
_bcolor illustrations;
_c28 cm.
650 _aTaxation.
_942992
942 _2ddc
_cPER